Datum a čas kvízu
19.5
Celkem bodů
Celkový počet nahraných bodů na tomto kvízu bez doplňovacích otázek.
3.
Pořadí na kvízu
Konečné umístění týmu na tomto kvízu.
Zaznamenané odpovědi
| # | Otázka | Odpověď | Body | Výsledky |
|---|---|---|---|---|
| 1. | Pražský městský soud pravomocn... | Modlitba pro Martu | 1 | |
| 2. | Obyvatelé části severoitalské... | Lambrusco | 0 | |
| 3. | Na letošní festival Febiofest... | Woody Harrelson | 0 | |
| 4. | V úterý byl vyhlášen Podnikate... | Oliver Dlouhý | 0 | |
| 5. | Bývalý brazilský fotbalista se... | Ronaldinho | 0 | |
| 6. | V následujících pěti otázkách... | krokodýl | 0 | |
| 7. | Desomorfin je syntetický opioi... | v Rusku | 1 | |
| 8. | Značka Crocs je známá předevší... | v USA | 0 | |
| 9. | Krokodýl Dundee je australská... | Paul Hogan, Mike | 0.5 | |
| 10. | Jak si říká muž, který v roce... | Elton John | 0 |